000 017170000a22003370004500
003 EG-GICUC
005 20250223025452.0
008 080924s2007 ua dh f m 000 0 eng d
040 _aEG-GICUC
_beng
_cEG-GICUC
041 0 _aEng
049 _aDeposite
097 _aM.Sc
099 _aCai01.09.03.M.Sc.2007.Mo.E
100 0 _aMona Mostafa Elbadawy
245 1 4 _aThe effect of bleaching on color change and surface texture of stained enamel and nano - filled resin composite /
_cMona Mostafa Elbadawy ; Supervised Hussein Abdelfattah Gomaa , Mohamed Adel Ezzat Khairy
246 1 5 _aتأثير التبييض على تغير اللون والملمس السطحى للمينا المصبوغة والراتنج المركب النانوفيلد
260 _aCairo :
_bMona Mostafa Elbadawy ,
_c2007
300 _a81Leaves :
_bcharts , facsimiles ;
_c30cm
502 _aThesis (M.Sc.) - Cairo University - Faculty Of Oral and Dental Medicine - Department Of Operative Dentistry
520 _aThis study assessed the effect of bleaching on the color change and surface texture of stained enamel and resin composite.60extracted incisors were collected and divided into 2 groups , according to the application of the bleaching agent and further subdivided into 3 subgroup according to the time period of immersion in the staining solution
530 _aIssued also as CD
653 4 _aBleaching
653 4 _aCarbamide peroxide
653 4 _aResin composite
700 0 _aHussein Abdelfattah Gomaa ,
_eSupervisor
700 0 _aMohamed Adel Ezzat Khairy ,
_eSupervisor
856 _uhttp://172.23.153.220/th.pdf
905 _aFatma
_eCataloger
905 _aNazla
_eRevisor
942 _2ddc
_cTH
999 _c13617
_d13617